Filmstar - Suede - Lyrics - Statistics

General Stats
  • This quiz has been taken 11 times
  • The average score is 127 of 196
Answer Stats
Lyrics % Correct
Filmstar
100%
Filmstar...
100%
a
88%
bar
88%
so
88%
the
88%
an
75%
car
75%
driving
75%
easy
75%
in
75%
to
75%
it
63%
looks
63%
play
63%
up
63%
yeah
63%
yeah...
63%
Yeah
63%
your
63%
again
50%
Again
50%
brain
50%
game
50%
it's
50%
living
50%
propping
50%
say
50%
they
50%
tonight
50%
Wash
50%
What
50%
when
50%
believe
38%
change
38%
class
38%
elegant
38%
fast
38%
giving
38%
impossible
38%
name
38%
shirt
38%
sir
25%
terylene
13%
No matching quizzes found
Score Distribution
Percent of People with Each Score
Percentile by Number Answered
Your Score History
You have not taken this quiz